Measurement and assessment in teaching / (Record no. 11054)

MARC details
000 -LEADER
fixed length control field 01586cam a2200421 a 4500
001 - CONTROL NUMBER
control field 15042661
003 - CONTROL NUMBER IDENTIFIER
control field URS
005 - DATE AND TIME OF LATEST TRANSACTION
control field 20220117100207.0
008 - FIXED-LENGTH DATA ELEMENTS--GENERAL INFORMATION
fixed length control field 071012s2009 njua b 001 0 eng
010 ## - LIBRARY OF CONGRESS CONTROL NUMBER
LC control number 2007042418
015 ## - NATIONAL BIBLIOGRAPHY NUMBER
National bibliography number GBA865201
Source bnb
016 7# - NATIONAL BIBLIOGRAPHIC AGENCY CONTROL NUMBER
Record control number 014612934
Source Uk
020 ## - INTERNATIONAL STANDARD BOOK NUMBER
International Standard Book Number 9780132408936
020 ## - INTERNATIONAL STANDARD BOOK NUMBER
International Standard Book Number 0132408937
020 ## - INTERNATIONAL STANDARD BOOK NUMBER
International Standard Book Number 9780131726712 (pbk.)
035 ## - SYSTEM CONTROL NUMBER
System control number (OCoLC)ocn174501624
035 ## - SYSTEM CONTROL NUMBER
System control number (OCoLC)174501624
040 ## - CATALOGING SOURCE
Original cataloging agency URS
Transcribing agency URS
Modifying agency URS
Language of cataloging English
Description conventions rda
050 00 - LIBRARY OF CONGRESS CALL NUMBER
Classification number LB3051
Item number .M612 2009
100 ## - MAIN ENTRY--PERSONAL NAME
Personal name Miller, David M.,
Relator term author.
245 10 - TITLE STATEMENT
Title Measurement and assessment in teaching /
Statement of responsibility, etc. M. David Miller, Robert L. Linn, Norman E. Gronlund.
250 ## - EDITION STATEMENT
Edition statement 10th ed.
260 ## - PUBLICATION, DISTRIBUTION, ETC.
Place of publication, distribution, etc. Upper Saddle River, New Jersey :
Name of publisher, distributor, etc. Merrill/Pearson,
Date of publication, distribution, etc. ©2009.
300 ## - PHYSICAL DESCRIPTION
Extent xvii, 551 pages :
Other physical details illustrations ;
Dimensions 24 cm.
336 ## - CONTENT TYPE
Content type term text
Content type code txt
Source rdacontent
337 ## - MEDIA TYPE
Media type term unmediated
Media type code n
Source rdamedia
338 ## - CARRIER TYPE
Carrier type term volume
Carrier type code nc
Source rdacarrier
500 ## - GENERAL NOTE
General note Prev. ed. entered under: Linn, Robert L.
504 ## - BIBLIOGRAPHY, ETC. NOTE
Bibliography, etc. note Includes bibliographical references and indexes.
650 #0 - SUBJECT ADDED ENTRY--TOPICAL TERM
Topical term or geographic name entry element Educational tests and measurements.
700 ## - ADDED ENTRY--PERSONAL NAME
Personal name Linn, Robert L.,
Relator term author.
700 ## - ADDED ENTRY--PERSONAL NAME
Personal name Gronlund, Norman Edward,
Dates associated with a name 1920-
Relator term author.
700 ## - ADDED ENTRY--PERSONAL NAME
Personal name Linn, Robert L.,
Title of a work Measurement and assessment in teaching.
Relator term author.
856 41 - ELECTRONIC LOCATION AND ACCESS
Materials specified Table of contents only
Uniform Resource Identifier <a href="http://www.loc.gov/catdir/toc/ecip082/2007042418.html">http://www.loc.gov/catdir/toc/ecip082/2007042418.html</a>
906 ## - LOCAL DATA ELEMENT F, LDF (RLIN)
a 7
b cbc
c orignew
d 1
e ecip
f 20
g y-gencatlg
942 ## - ADDED ENTRY ELEMENTS (KOHA)
Source of classification or shelving scheme Library of Congress Classification
Koha item type Foreign Books
Holdings
Withdrawn status Source of classification or shelving scheme Damaged status Not for loan Collection code Home library Current library Shelving location Date acquired Source of acquisition Total Checkouts Full call number Barcode Date last seen Copy number Koha item type
  Library of Congress Classification     Non-fiction Taytay College Library Taytay College Library Foreign Section 03/05/2020 Donation   LB3051 .M612 2009 URSTAY-4672 06/04/2025 1 Foreign Books

University of Rizal System
Email us at univlibservices@urs.edu.ph

Visit our Website www.urs.edu.ph/library